000 00588nam a22001937a 4500
999 _c160356
_d160356
005 20190128115621.0
010 _aENG-124655
020 _a9789350578056
_c250.00
035 _aEN-108187
037 _bDBAD/PUB
082 _a686.22544
100 _aBittu Kumar
245 _aBasics of designing desktop publishing/
_cby Bittu Kumar
260 _aNew Delhi
_bV & S Publishers
_c2017
270 _aF-2/16, Ansari Road, Daryaganj,
_bNew Delhi
_e110002
300 _a97p.
_c25cm.(pbk)
_bill.
500 _aIt includes conclusion
942 _2ddc
_cEN
_mBIT
_h686.22544